Chanson française par image #8 - Statistiques

Statistiques générales
  • Ce quiz a été pris 3 239 fois
  • Le résultat moyen est 7 sur 16
Statistiques - réponses
Par images Hint Réponse % Correct
Franky Vincent Fruit de la Passion
78%
Jeanne Mas En Rouge et Noir
74%
France Gall Les Sucettes
71%
Johnny Hallyday Noir c'est noir
67%
Alain Chamfort Bambou
62%
Maître Gims J'me tire
61%
Claudio Capéo Un Homme debout
59%
Julien Doré Le Lac
48%
Jean-Jacques Goldman Famille
40%
Michel Jonasz La Boîte de Jazz
34%
Régine Les Petits papiers
28%
Michel Polnareff Radio
28%
Images Maîtresse
24%
Élégance Vacances j'oublie tout
9%
Chantal Goya Monsieur le Chat Botté
7%
Francis Cabrel Animal
4%
Aucun quiz correspondant
Distribution des résultats
% des personnes avec chaque résultat
Percentile par nombre de réponses
Votre historique - résultats
Vous n’avez pas pris ce quiz